Statistics for Groups of Countries (by Cedo) #3

Click here to take the quiz!

General Stats

  • This quiz has been taken 554 times
  • The average score is 15 of 21

Answer Stats

HintAnswer% Correct
BRICSChina
92%
BRICSRussia
92%
BRICSIndia
90%
BRICSBrazil
86%
Southern ConeArgentina
79%
Southern ConeChile
79%
BRICSSouth Africa
75%
Triple AllianceGermany
74%
Four Asian TigersSouth Korea
73%
Triple AllianceItaly
72%
Southern ConeUruguay
72%
Four Asian TigersSingapore
69%
Four Asian TigersTaiwan
67%
Peninsula Shield ForceSaudi Arabia
62%
Peninsula Shield ForceOman
61%
Peninsula Shield ForceQatar
61%
Peninsula Shield ForceUnited Arab Emirates
60%
Peninsula Shield ForceBahrain
59%
Peninsula Shield ForceKuwait
59%
Four Asian TigersHong Kong
39%
Triple AllianceAustria-Hungary
37%

Score Distribution

Percentile by Number Answered

Percent of People with Each Score

Your Score History

You have not taken this quiz